Vista normal
Vista MARC
Entrada Personal Name
Número de registros utilizados en: 1
001 - CONTROL NUMBER
- control field: 4454
003 - CONTROL NUMBER IDENTIFIER
- control field: OSt
005 - DATE AND TIME OF LATEST TRANSACTION
- control field: 20200515232450.0
008 - FIXED-LENGTH DATA ELEMENTS
- fixed length control field: 200515|| aca||aabn | a|a d
040 ## - CATALOGING SOURCE
- Original cataloging agency: OSt
- Transcribing agency: OSt
100 ## - HEADING--PERSONAL NAME
- Personal name: Alvarez Buylla, Adolfo,
670 ## - SOURCE DATA FOUND
- Source citation: Work cat.: (OSt)5303: Ellis, Howard S., editor 4451, Compendio de economía contemporánea / , 1970